00780nam a22002297a 450000100060000000300080000600500170001400800410003103500190007204000260009104100080011708200250012510000280015024500520017826000490023030000530027965000190033265000310035194200120038299900170039495201390041175044BD-RjUL20211209082634.0190113s1942 ii ||||| |||| 00| 0 eng d a(BD-RjUL)75262 aBD-RjULbengcBD-RjUL aeng 223a627.12bMAR 1942 aMajumdar, S.C. 9226910 aRivers of the Bengal delta /cby S.C. Majumdar. aCalcutta : bUniversity of Calcutta, c1942. a124 pages, [1] leaf of plates : bill. ;c26 cm. aRivers9226911 aRiversxRegulation9226912 2ddccBK c75044d75044 00102ddc40718NFICaRUCLbRUCLcReadingd1956-11-08eBlack Wellg0.40l0o627.12 MAR 1942r2019-01-13 00:00:00tC-1w2019-01-13yBK